Statistiques concernant Pays nommés d'après les personnes

Cliquez ici pour prendre le quiz!

Statistiques générales

  • Ce quiz a été pris 507 fois
  • Le résultat moyen est 9 sur 14

Statistiques - réponses

GendPays% Correct
Jean Moreau de SéchellesSeychelles
93%
Simon BolivarBolivie
89%
Capitaine John MarshallÎles Marshall
88%
NicaroaNicaragua
83%
Mohammed Ibn SaoudArabie saoudite
81%
Saint DominiqueRepubliqué Dominicaine
81%
Amerigo Vespucciles États-Unis d'Amérique
70%
Philippe II d'EspagnePhilippines
62%
Roi Mswati IISwaziland
62%
Özbeg khanOuzbékistan
59%
Lucie de SyracuseSainte-Lucie
59%
Maurice de Nassau, prince d'OrangeMaurice
58%
Capitaine Thomas GilbertKiribati
10%
Jésus de NazarethSalvador
6%

Distribution des résultats

Percentile par nombre de réponses

% des personnes avec chaque résultat

Votre développement - résultats

Vous n’avez pas pris ce quiz